Practical Manual of Biochemistry (Record no. 8416)

MARC details
000 -LEADER
fixed length control field 00369nam a2200145Ia 4500
008 - FIXED-LENGTH DATA ELEMENTS--GENERAL INFORMATION
fixed length control field 191201s2017 xx 000 0 und d
082 ## - DEWEY DECIMAL CLASSIFICATION NUMBER
Classification number 572 SIP
100 ## - MAIN ENTRY--PERSONAL NAME
Personal name SINGH, S.P
245 #0 - TITLE STATEMENT
Title Practical Manual of Biochemistry
250 ## - EDITION STATEMENT
Edition statement 8th
260 ## - PUBLICATION, DISTRIBUTION, ETC. (IMPRINT)
Name of publisher, distributor, etc CBS Pub
Place of publication, distribution, etc New Delhi
Date of publication, distribution, etc 2017
300 ## - PHYSICAL DESCRIPTION
Extent 192
650 ## - SUBJECT ADDED ENTRY--TOPICAL TERM
Topical term or geographic name as entry element Applied Biochemistry & Clinical Chemistry
942 ## - ADDED ENTRY ELEMENTS (KOHA)
Source of classification or shelving scheme Dewey Decimal Classification
Koha item type Text Books
Holdings
Withdrawn status Lost status Source of classification or shelving scheme Damaged status Not for loan Collection code Home library Current library Date acquired Source of acquisition Cost, normal purchase price Bill Number Total Checkouts Full call number Acc. no. / Barcode Date last seen Actual Cost, discounted price Bill Date Koha item type Date last borrowed
    Dewey Decimal Classification     Diploma in Pharmacy PIET C-LIBRARY PIET C-LIBRARY 31/10/2019 Kirti Prakashan 475.00 IN 4580   572 SIP DP823 04/12/2019 306.37 19/08/2019 Reference Books  
    Dewey Decimal Classification     Diploma in Pharmacy PIET C-LIBRARY PIET C-LIBRARY 31/10/2019 Kirti Prakashan 475.00 IN 4580   572 SIP DP824 04/12/2019 306.37 19/08/2019 Text Books  
    Dewey Decimal Classification     Diploma in Pharmacy PIET C-LIBRARY PIET C-LIBRARY 31/10/2019 Kirti Prakashan 475.00 IN 4580   572 SIP DP825 04/12/2019 306.37 19/08/2019 Text Books  
    Dewey Decimal Classification     Diploma in Pharmacy PIET C-LIBRARY PIET C-LIBRARY 31/10/2019 Kirti Prakashan 475.00 IN 4580   572 SIP DP826 04/12/2019 306.37 19/08/2019 Text Books  
    Dewey Decimal Classification     Diploma in Pharmacy PIET C-LIBRARY PIET C-LIBRARY 31/10/2019 Kirti Prakashan 475.00 IN 4580 1 572 SIP DP827 22/03/2021 306.37 19/08/2019 Text Books 19/03/2021

Design & Developed by: PIET Central Library
R70 Miles Stone Pattikalyana Samalkha Panipat 132102
mail ID :- [email protected], Phone No:- 0180-2569700 Ex.216